[Event "SR 2. liga A 2006/2007"]
[Site "?"]
[Date "2007.01.13"]
[Round "7.8"]
[White "Milanov, Jasen"]
[Black "Beles, Milan"]
[Result "0-1"]
[WhiteElo "2017"]
[BlackElo "2094"]
[Annotator "Karol,Pospichal"]
[PlyCount "112"]
[EventDate "2006.??.??"]
[TimeControl "240+2"]

{89MB, Fritz8.ctg, KAIKO} 1. c4 c5 2. Nc3 Nf6 3. e4 e6 4. e5 Ng8 5. g3 d6 6.
Nf3 Nc6 7. exd6 Bxd6 8. Bg2 e5 9. O-O Nge7 10. Ne4 O-O 11. Nfg5 f5 12. Nxh7
fxe4 13. Nxf8 Qxf8 14. Bxe4 Bf5 15. f3 Qf7 16. b3 Rf8 17. Bb2 Bxe4 18. fxe4
Qxf1+ 19. Qxf1 Rxf1+ 20. Rxf1 Ng6 21. Bc3 Nf8 22. Kf2 Ne6 23. Kf3 Be7 24. h4
Bf6 25. Kg4 Kf7 26. Kh3 a6 27. g4 Nf4+ 28. Kg3 g5 29. h5 Bg7 30. Rb1 Bf8 31. a3
a5 32. Rh1 Kg7 33. Rb1 b6 34. Ra1 Bd6 35. Rb1 Ne6 36. Rf1 Be7 37. Rf5 Bf6 38.
h6+ Kg6 39. h7 Bg7 40. Rf1 Kxh7 41. Rf7 Ned8 42. Rd7 Kg8 43. b4 cxb4 44. axb4
axb4 45. Bxb4 Bf8 46. Bc3 Ne6 47. Rd5 Kf7 48. Bxe5 Nxe5 49. d4 Nxc4 50. Rf5+
Kg6 51. d5 Bd6+ 52. Kh3 Nf4+ 53. Kg3 Ne3 54. e5 Nxf5+ 55. gxf5+ Kxf5 56. exd6
Nh5+ 0-1

[Event "SR 2. liga A 2006/2007"]
[Site "?"]
[Date "2007.01.13"]
[Round "7.8"]
[White "Steinecker, Frantisek"]
[Black "Hanzluvka, Peter"]
[Result "1-0"]
[WhiteElo "1723"]
[BlackElo "2051"]
[PlyCount "83"]
[EventDate "2006.??.??"]

1. e4 c5 2. Bc4 d6 3. Nf3 Nf6 4. Nc3 a6 5. a4 e6 6. d3 Nc6 7. Bf4 Be7 8. O-O
O-O 9. Ne2 b6 10. c3 Bb7 11. Qc2 Rc8 12. Ng3 Na5 13. Ba2 Nc6 14. Rad1 Qc7 15.
Rfe1 Ng4 16. Bb1 Nge5 17. Qe2 Nxf3+ 18. Qxf3 Ne5 19. Qe2 Ng6 20. Be3 Qc6 21.
Bc2 f5 22. f4 fxe4 23. dxe4 Bh4 24. Qg4 Rce8 25. Re2 Bd8 26. Red2 Bc7 27. h4
Rf6 28. Nh5 Rf7 29. Ng3 Rf6 30. h5 Ne7 31. f5 exf5 32. exf5 h6 33. Ne4 d5 34.
Nxf6+ Qxf6 35. Re2 Nc6 36. Bg5 Qf7 37. Rxe8+ Qxe8 38. Bxh6 Qe5 39. Kf2 d4 40.
Re1 Qf6 41. Re8+ Kh7 42. Bxg7 1-0

[Event "SR 2. liga A 2006/2007"]
[Site "?"]
[Date "2007.02.03"]
[Round "8"]
[White "Beles, Milan"]
[Black "Goga, Frantisek"]
[Result "1-0"]
[WhiteElo "2011"]
[BlackElo "2094"]
[PlyCount "120"]
[EventDate "2006.??.??"]

1. e4 c5 2. g3 Nc6 3. Bg2 g6 4. Ne2 Bg7 5. O-O d6 6. c4 Bg4 7. Nbc3 Qd7 8. d3
h5 9. f3 Bh3 10. Be3 Bxg2 11. Kxg2 e5 12. Nd5 Nge7 13. Bg5 Nxd5 14. cxd5 Nd4
15. Be3 Nxe2 16. Qxe2 h4 17. g4 f5 18. gxf5 gxf5 19. f4 O-O-O 20. fxe5 fxe4 21.
e6 Qb5 22. Rad1 Be5 23. Rf2 Rdg8+ 24. Kh1 exd3 25. Qxd3 Qa4 26. b3 Qg4 27. Qe2
Qh3 28. Rf3 Rg3 29. Rdf1 Rhg8 30. Rf8+ Rxf8 31. Rxf8+ Kc7 32. Rf7+ Kb6 33. Bf4
Rc3 34. Bd2 Rc2 35. Ba5+ Kxa5 36. Qxc2 Qe3 37. Qg2 h3 38. Qf1 Qe4+ 39. Qf3 Qe1+
40. Qf1 Qe4+ 41. Rf3 Qxd5 42. Qxh3 Qd1+ 43. Qf1 Qd2 44. Qg2 Qe1+ 45. Rf1 Qh4
46. Rf2 Bd4 47. Re2 Qh7 48. Qg4 Qb1+ 49. Kg2 Qg1+ 50. Kh3 Qf1+ 51. Kh4 Qf6+ 52.
Kg3 Be5+ 53. Kg2 b5 54. Rf2 Qh6 55. e7 Qxh2+ 56. Kf1 Qh1+ 57. Ke2 Bc3 58. Kd3
Qh7+ 59. Kxc3 Qxe7 60. b4+ Ka6 1-0

[Event "SR 2. liga A 2006/2007"]
[Site "?"]
[Date "2007.02.03"]
[Round "8"]
[White "Diviak, Rastislav"]
[Black "Hebelka, Milos"]
[Result "0-1"]
[WhiteElo "1958"]
[BlackElo "2093"]
[Annotator "Fabry"]
[PlyCount "132"]
[EventDate "2006.??.??"]

1. e4 e5 2. Nf3 Nc6 3. Bb5 a6 4. Ba4 Nf6 5. O-O Be7 6. Re1 d6 7. c3 b5 8. Bc2
Bg4 9. d3 O-O 10. Nbd2 h6 11. Nf1 Nh7 12. h3 Bxf3 13. Qxf3 Bg5 14. Ng3 g6 15.
Be3 Kg7 16. Rad1 Qe7 17. d4 Rae8 18. Qe2 Bxe3 19. Qxe3 Na5 20. b3 Qg5 21. Qd3
Nc6 22. Bb1 h5 23. Nf1 Nd8 24. Qe3 Qxe3 25. Nxe3 Nf6 26. dxe5 Rxe5 27. Nd5 Nxd5
28. Rxd5 Rfe8 29. Rxe5 Rxe5 30. Rd1 Rc5 31. Rd3 b4 32. c4 Ne6 33. g3 Kf6 34. h4
g5 35. hxg5+ Rxg5 36. f4 Nxf4 37. Rf3 Ke5 38. Kh2 Ne2 39. Rxf7 Nxg3 40. Rxc7
Nf1+ 41. Kh3 Rg1 42. Rh7 Ne3 43. Bd3 Rh1+ 44. Kg3 Kd4 45. Be2 h4+ 46. Kf2 Rh2+
47. Kf3 Nc2 48. Bf1 Ne1+ 49. Kg4 Rxa2 50. Rxh4 Rf2 51. Bh3 Kc3 52. Rh6 Rd2 53.
e5 dxe5 54. Rxa6 Kxb3 55. c5 Rc2 56. c6 Rc5 57. Kf5 Kc3 58. c7 Rxc7 59. Kxe5 b3
60. Rb6 b2 61. Bf5 Rc5+ 62. Kf4 Nc2 63. Bg6 Rc4+ 64. Kf3 Nb4 65. Ke2 Nd5 66.
Rd6 Nf4+ 0-1

[Event "SR 2. liga A 2006/2007"]
[Site "?"]
[Date "2007.02.03"]
[Round "8"]
[White "Diviak, Rudolf"]
[Black "Hecht, Tomas"]
[Result "0-1"]
[WhiteElo "1930"]
[BlackElo "1973"]
[Annotator "Fabry"]
[PlyCount "96"]
[EventDate "2006.??.??"]

1. b4 e5 2. Bb2 f6 3. b5 d5 4. e3 Be6 5. Be2 a6 6. a4 axb5 7. axb5 Rxa1 8. Bxa1
c6 9. c4 Qa5 10. Bc3 Bb4 11. Bg4 Bf7 12. bxc6 Nxc6 13. cxd5 Bxd5 14. Bh3 Nge7
15. Ne2 O-O 16. O-O Rd8 17. Qc2 Bc4 18. Re1 Qb5 19. d4 Bxe2 20. Rxe2 exd4 21.
exd4 Kf8 22. Be6 Nxd4 23. Bxd4 Rxd4 24. h3 Qd3 25. Qa2 Qd1+ 26. Kh2 Bd6+ 27. g3
Ra4 28. Qb2 Rb4 29. Qa2 Qa4 30. Nc3 Qxa2 31. Rxa2 g5 32. Rd2 Rb6 33. Ne4 Bxg3+
34. Nxg3 Rxe6 35. Rd7 b6 36. Rd8+ Kf7 37. Rd7 Kg6 38. Rb7 h5 39. Nf1 Nd5 40.
Rd7 Re5 41. Kg2 Kf5 42. Rd6 h4 43. Kf3 b5 44. Nh2 Nf4 45. Ng4 Re6 46. Rd4 Rb6
47. Ne3+ Ke5 48. Rb4 Kd6 0-1

[Event "SR 2. liga A 2006/2007"]
[Site "?"]
[Date "2007.02.03"]
[Round "8"]
[White "Fabry, Robert"]
[Black "Polasek, Filip"]
[Result "1-0"]
[WhiteElo "2206"]
[BlackElo "2084"]
[Annotator "Fabry"]
[PlyCount "59"]
[EventDate "2006.??.??"]

1. Nf3 d5 2. b3 Nf6 3. Bb2 e6 4. e3 Bd6 5. Be2 Nc6 6. d4 Bd7 7. O-O a6 8. c4
Ne4 9. Nc3 f5 10. cxd5 Nxc3 11. Bxc3 exd5 12. Ne5 Qe7 13. f4 O-O-O 14. Bf3 Bxe5
15. dxe5 Be6 16. b4 g5 17. Qa4 gxf4 18. exf4 Rhg8 19. Rab1 Na7 20. Bd4 Nb5 21.
Bc5 Qf7 22. Rbc1 Rd7 23. Qa5 d4 24. a4 Na3 25. b5 Nc4 26. Bxb7+ Kd8 27. Qxa6
Ke8 28. Bc6 Qg6 29. Rxc4 Bxc4 30. Qc8+ 1-0

[Event "SR 2. liga A 2006/2007"]
[Site "?"]
[Date "2007.02.03"]
[Round "8"]
[White "Flak, Juraj"]
[Black "Zacik, Anton"]
[Result "0-1"]
[WhiteElo "2077"]
[BlackElo "2059"]
[PlyCount "114"]
[EventDate "2006.??.??"]

1. e4 c5 2. Nf3 Nc6 3. d4 cxd4 4. Nxd4 Nf6 5. Nc3 e5 6. Ndb5 d6 7. Bg5 a6 8.
Bxf6 gxf6 9. Na3 b5 10. Nd5 f5 11. Bd3 Be6 12. c3 Bxd5 13. exd5 Ne7 14. O-O Bg7
15. Nc2 O-O 16. Ne3 e4 17. Be2 f4 18. Nc2 Ng6 19. a4 Qg5 20. Kh1 f3 21. gxf3
Be5 22. Rg1 Qh4 23. f4 Qxf4 24. Rg2 Kh8 25. Qc1 Qxc1+ 26. Rxc1 Nf4 27. Bf1 Nxg2
28. Bxg2 f5 29. axb5 axb5 30. Nb4 Rf6 31. Re1 Rg8 32. Nc6 Rfg6 33. Nxe5 dxe5
34. Bh3 Rf8 35. Rd1 Rd6 36. Bf1 Rfd8 37. c4 bxc4 38. Bxc4 Kg7 39. Ra1 Kf6 40.
Ra7 R8d7 41. Ra8 Rg7 42. Rf8+ Rf7 43. Rg8 Rfd7 44. Ra8 Kg5 45. Kg2 Kf4 46. h3
Rg7+ 47. Kf1 e3 48. Rf8 exf2 49. Kxf2 Rdg6 50. b4 Rg2+ 51. Ke1 Ra7 52. Be2 Ra1+
53. Kd2 Ra2+ 54. Kc3 Rgxe2 55. b5 Rab2 56. b6 Rec2+ 57. Kd3 e4+ 0-1

[Event "SR 2. liga A 2006/2007"]
[Site "?"]
[Date "2007.02.03"]
[Round "8"]
[White "Gasa, Andrej"]
[Black "Biro, Karol"]
[Result "1-0"]
[WhiteElo "2199"]
[BlackElo "2191"]
[Annotator "Fabry"]
[PlyCount "81"]
[EventDate "2006.??.??"]

1. e4 d6 2. d4 Nf6 3. Nc3 g6 4. Nf3 Bg7 5. h3 O-O 6. Be3 c6 7. a4 Qa5 8. Bd3
Na6 9. O-O Nb4 10. Be2 e5 11. Qd2 exd4 12. Nxd4 Re8 13. Bf3 Qc7 14. Bf4 Nd7 15.
Ncb5 cxb5 16. Qxb4 Ne5 17. Bxe5 Bxe5 18. Nxb5 Qe7 19. Rad1 Bxh3 20. gxh3 Rac8
21. Qd2 Qh4 22. Bg2 Bf4 23. Qd3 Re6 24. Nd4 Rf6 25. Ne2 Be5 26. c3 g5 27. Ng3
Kh8 28. Nf5 Qh5 29. Qf3 Qg6 30. Ne7 Qg7 31. Nf5 Qg6 32. Rd5 Re8 33. Rfd1 h5 34.
Qd3 g4 35. h4 Ree6 36. Qe3 b6 37. a5 Re8 38. axb6 axb6 39. Qxb6 Rxf5 40. exf5
Qf6 41. Rxe5 1-0

[Event "SR 2. liga A 2006/2007"]
[Site "?"]
[Date "2007.02.03"]
[Round "8"]
[White "Hajtmanek, Stanislav"]
[Black "Cibicek, Jozef"]
[Result "0-1"]
[WhiteElo "1784"]
[BlackElo "1981"]
[PlyCount "60"]
[EventDate "2006.??.??"]

1. d4 d5 2. Nf3 c6 3. c4 dxc4 4. e4 b5 5. Nc3 Nf6 6. Bg5 b4 7. Na4 Nxe4 8. Bxc4
Nxg5 9. Nxg5 e6 10. f4 h6 11. Ne4 Qh4+ 12. g3 Qh3 13. Qc2 Be7 14. Nac5 O-O 15.
O-O-O Nd7 16. Nf2 Qh5 17. g4 Qh4 18. Nxe6 fxe6 19. Bxe6+ Kh8 20. Qxc6 Qxf2 21.
Qxa8 Qe3+ 22. Kb1 Qxe6 23. Rde1 Qb6 24. Qe4 Bh4 25. Rc1 Nf6 26. Qg6 Qa5 27. Rc5
Qd8 28. g5 Ng4 29. gxh6 Nxh6 30. Kc1 Qxd4 0-1

[Event "SR 2. liga A 2006/2007"]
[Site "?"]
[Date "2007.02.03"]
[Round "8"]
[White "Hecko, Dusan"]
[Black "Janos, Jozef"]
[Result "0-1"]
[WhiteElo "2142"]
[BlackElo "2235"]
[Annotator "Fabry"]
[PlyCount "110"]
[EventDate "2006.??.??"]
[WhiteTeam "Osuske"]
[BlackTeam "DP Ba"]

1. c4 Nf6 2. Nc3 e5 3. Nf3 Nc6 4. g3 Be7 5. Bg2 O-O 6. O-O d6 7. d4 Bg4 8. dxe5
dxe5 9. h3 Be6 10. b3 h6 11. e3 Qc8 12. Kh2 Rd8 13. Qe2 Rd7 14. Bb2 Qe8 15.
Rad1 Rad8 16. Rxd7 Rxd7 17. Rd1 Qd8 18. Rxd7 Nxd7 19. Qd1 f6 20. Nh4 Nf8 21.
Qxd8 Bxd8 22. Ba3 g5 23. Bxc6 bxc6 24. Nf3 Nd7 25. e4 Kf7 26. Ne1 Be7 27. Bxe7
Kxe7 28. Nc2 Nc5 29. Ne3 a5 30. Kg2 h5 31. h4 gxh4 32. gxh4 Nd3 33. c5 Nxc5 34.
Kf3 Nd3 35. Nf1 Nf4 36. Ng3 Bg4+ 37. Ke3 Ng2+ 38. Kd3 Nxh4 39. Kc4 Ng6 40. b4
axb4 41. Kxb4 h4 42. Nf1 Nf4 43. a4 Kd6 44. a5 Bc8 45. Nd1 c5+ 46. Kb5 Bd7+ 47.
Kc4 Kc6 48. Nde3 Be6+ 49. Kc3 Kb5 50. Nf5 Bxf5 51. exf5 Ne2+ 52. Kd3 Nf4+ 53.
Ke4 Kxa5 54. Ne3 Kb4 55. Ng4 Nh5 0-1

[Event "SR 2. liga A 2006/2007"]
[Site "?"]
[Date "2007.02.03"]
[Round "8"]
[White "Kleman, Miroslav"]
[Black "Srna, Jan"]
[Result "1-0"]
[WhiteElo "2094"]
[BlackElo "2041"]
[PlyCount "93"]
[EventDate "2006.??.??"]

1. e4 e6 2. d3 d5 3. Nd2 c5 4. Ngf3 Nc6 5. g3 Nf6 6. Bg2 Be7 7. O-O O-O 8. Re1
Qb6 9. c3 dxe4 10. dxe4 e5 11. Nc4 Qc7 12. Qc2 Be6 13. Ne3 Rfd8 14. Ng5 Bc8 15.
h4 h6 16. Nh3 b5 17. a4 b4 18. Nd5 Qb7 19. Rd1 Bg4 20. f3 Be6 21. f4 b3 22. Qd3
Bg4 23. Rf1 Rac8 24. Qb5 Qd7 25. Nf2 c4 26. f5 Be2 27. Re1 a6 28. Qxa6 Nxd5 29.
exd5 Nb8 30. Qb5 Bd3 31. Qxd7 Nxd7 32. Nxd3 cxd3 33. Bd2 f6 34. a5 Bc5+ 35. Kh2
Ba7 36. Ra3 Rc7 37. Rxb3 Nc5 38. Rb5 Rdc8 39. b4 Nb3 40. d6 Rd7 41. Bb7 Rb8 42.
Bd5+ Kh7 43. Rxb8 Nxd2 44. Rb7 Rxb7 45. Bxb7 Bb8 46. Rd1 Nc4 47. d7 1-0

[Event "SR 2. liga A 2006/2007"]
[Site "?"]
[Date "2007.02.03"]
[Round "8"]
[White "Machalova, Erika"]
[Black "Janos, Ivan"]
[Result "1-0"]
[WhiteElo "2106"]
[BlackElo "2133"]
[PlyCount "67"]
[EventDate "2006.??.??"]

1. d4 Nf6 2. c4 e6 3. Nc3 Bb4 4. Qc2 d5 5. e3 c5 6. Nf3 O-O 7. Bd2 Nc6 8. dxc5
Bxc5 9. Rd1 Qe7 10. a3 a5 11. Be2 Bd7 12. cxd5 exd5 13. Nb5 d4 14. exd4 Nb4 15.
Bxb4 Bxb4+ 16. Kf1 Rac8 17. Qb1 Qxe2+ 18. Kxe2 Bxb5+ 19. Rd3 Nd5 20. g3 Bxa3
21. Ne5 Bd6 22. Kd2 Nb4 23. Rc3 Rcd8 24. Qf5 Nd5 25. Rb3 g6 26. Qe4 Nf6 27.
Qxb7 Ba4 28. Rd3 Rb8 29. Qf3 Rxb2+ 30. Ke3 Nd7 31. Qd5 Nxe5 32. dxe5 Bxe5 33.
Kf3 Bf6 34. Rc1 1-0

[Event "SR 2. liga A 2006/2007"]
[Site "?"]
[Date "2007.02.03"]
[Round "8"]
[White "Machalova, Veronika"]
[Black "Tibensky, Robert"]
[Result "1/2-1/2"]
[WhiteElo "2199"]
[BlackElo "2409"]
[PlyCount "126"]
[EventDate "2006.??.??"]

1. e4 e6 2. d4 d5 3. Nd2 a6 4. Ngf3 c5 5. exd5 exd5 6. dxc5 Bxc5 7. Nb3 Bd6 8.
Bd3 Nf6 9. Qe2+ Be7 10. c3 O-O 11. O-O Re8 12. Qc2 Nc6 13. Re1 Bg4 14. Nbd4 Qc7
15. Bg5 h6 16. Bh4 Qb6 17. h3 Bd7 18. Rad1 Rac8 19. Qb1 Nxd4 20. Nxd4 Bc5 21.
Rxe8+ Rxe8 22. Bxf6 Qxf6 23. Bf1 Re4 24. Qd3 Rf4 25. Rd2 Bb6 26. g3 Re4 27. Bg2
Re1+ 28. Kh2 Bc6 29. Qf3 Qg5 30. Re2 Rxe2 31. Qxe2 Qf6 32. Qd2 h5 33. Kg1 h4
34. g4 Bc7 35. Nf3 Qg6 36. Qd1 Qh6 37. Qd2 Qd6 38. Qd4 f6 39. Qd3 Qf4 40. Qd2
g5 41. Qc2 Kg7 42. Nd4 Qe5 43. Qf5 Qxf5 44. Nxf5+ Kf7 45. Nd4 Ke7 46. Kf1 Kd6
47. Nxc6 bxc6 48. Ke2 Ke5 49. b3 Bb6 50. Bf3 a5 51. Bg2 c5 52. a4 Ba7 53. Bh1
Bb8 54. Bf3 Bd6 55. Bg2 Ke6 56. Kd3 Be5 57. c4 dxc4+ 58. bxc4 f5 59. Bd5+ Kf6
60. gxf5 Kxf5 61. Bf3 Kf4 62. Bg4 Bd4 63. f3 Ke5 1/2-1/2

[Event "SR 2. liga A 2006/2007"]
[Site "?"]
[Date "2007.02.03"]
[Round "8"]
[White "Maslik, Miroslav"]
[Black "Bednar, Jan"]
[Result "1-0"]
[WhiteElo "2255"]
[BlackElo "2176"]
[PlyCount "65"]
[EventDate "2006.??.??"]

1. d4 Nf6 2. c4 g6 3. Nc3 Bg7 4. Nf3 O-O 5. e4 d6 6. Be2 e5 7. O-O Nc6 8. d5
Ne7 9. b4 Nh5 10. Re1 f5 11. Ng5 Nf6 12. Bf3 a5 13. Ba3 axb4 14. Bxb4 h6 15.
Ne6 Bxe6 16. dxe6 Nc6 17. Rb1 Re8 18. exf5 gxf5 19. Nd5 Kh8 20. Bc3 Rb8 21. Qc2
e4 22. e7 Rxe7 23. Nxf6 Ne5 24. Nd5 exf3 25. Nxe7 Qxe7 26. Bxe5 Bxe5 27. Qxf5
Rf8 28. Qh5 Rf6 29. g3 b6 30. Re3 Qf8 31. Rbb3 Bd4 32. Rxf3 Bxf2+ 33. Kxf2 1-0

[Event "SR 2. liga A 2006/2007"]
[Site "?"]
[Date "2007.02.03"]
[Round "8"]
[White "Michal, Silvio"]
[Black "Magyar, Frantisek"]
[Result "0-1"]
[WhiteElo "2135"]
[BlackElo "2067"]
[PlyCount "124"]
[EventDate "2006.??.??"]

1. Nf3 Nf6 2. c4 g6 3. Nc3 Bg7 4. g3 d6 5. d4 O-O 6. Bg2 Nbd7 7. O-O c6 8. Bg5
h6 9. Bf4 Re8 10. d5 c5 11. e4 Qc7 12. h3 a6 13. Re1 Nh5 14. Be3 Rb8 15. a4 Kh7
16. Qd3 Nhf6 17. Nh4 Ne5 18. Qe2 e6 19. f4 Ned7 20. Qc2 e5 21. Rf1 Nh5 22. Kh2
Qd8 23. Qf2 Rf8 24. Bf3 Nhf6 25. Qc2 Qe7 26. Rae1 Ng8 27. Ng2 h5 28. f5 Ndf6
29. g4 hxg4 30. hxg4 g5 31. Kg3 Bh6 32. Rh1 Ne8 33. Rh5 f6 34. Reh1 Qg7 35. Nh4
Bd7 36. Ng6 Rf7 37. Ne2 Nc7 38. Ng1 Be8 39. Qd2 Rd7 40. Be2 Bxg6 41. fxg6+ Qxg6
42. Nf3 Kg7 43. Nxg5 Bxg5 44. Bxg5 Kf8 45. Be3 b6 46. g5 Rf7 47. Bg4 Qxe4 48.
Be6 Rg7 49. Rf1 Nxe6 50. dxe6 Ke7 51. Rh4 Qg6 52. Rd1 Rd8 53. Qd5 f5 54. Kf2
Qxe6 55. Qb7+ Rd7 56. Qxb6 f4 57. Rxf4 Rxg5 58. Rf3 Rf5 59. Bxc5 Rxf3+ 60. Kxf3
Nf6 61. Be3 Qg4+ 62. Kf2 Qxd1 0-1

[Event "SR 2. liga A 2006/2007"]
[Site "?"]
[Date "2007.02.03"]
[Round "8"]
[White "Mikulas, Dusan"]
[Black "Pagerka, Martin"]
[Result "1/2-1/2"]
[WhiteElo "2167"]
[BlackElo "1966"]
[Annotator "Fabry"]
[PlyCount "73"]
[EventDate "2006.??.??"]

1. e4 c5 2. Nf3 d6 3. d4 cxd4 4. Nxd4 Nf6 5. Nc3 g6 6. f4 Nbd7 7. Nf3 Bg7 8.
Bd3 a6 9. O-O O-O 10. Qe1 Nc5 11. Qh4 b5 12. f5 Bb7 13. a3 Rc8 14. Bh6 Qc7 15.
Ng5 Ncd7 16. Rae1 Qb6+ 17. Kh1 Nh5 18. Bxg7 Kxg7 19. Nxh7 Kxh7 20. fxg6+ fxg6
21. Qxe7+ Kh6 22. Qxd7 Rh8 23. Qg4 Kg7 24. Nd5 Qd8 25. Rf3 Qe8 26. Ref1 Bxd5
27. exd5 Rc7 28. Qd4+ Qe5 29. Qg4 Rh6 30. c4 bxc4 31. Bxc4 a5 32. b3 Re7 33.
Qc8 Nf6 34. Rh3 Re8 35. Qc7+ Re7 36. Qc8 Re8 37. Qc7+ 1/2-1/2

[Event "SR 2. liga A 2006/2007"]
[Site "?"]
[Date "2007.??.03"]
[Round "8"]
[White "Milanov, Jasen"]
[Black "Hanzluvka, Peter"]
[Result "0-1"]
[WhiteElo "2015"]
[BlackElo "2042"]
[Annotator "Fabry"]
[PlyCount "79"]
[EventDate "2006.??.??"]

1. c4 Nf6 2. Nc3 c5 3. e4 d6 4. g3 g6 5. Bg2 Bg7 6. Nge2 Nc6 7. O-O O-O 8. d3
Bd7 9. h3 Rb8 10. Kh2 a6 11. a4 Nb4 12. Be3 Qc7 13. f4 e6 14. Qd2 Rbd8 15. Ra3
Bc6 16. Nc1 b6 17. a5 d5 18. axb6 Qxb6 19. cxd5 exd5 20. exd5 Nfxd5 21. Nxd5
Bxd5 22. Bxd5 Rxd5 23. Qf2 Rfd8 24. Rd1 Qd6 25. Ra5 Nxd3 26. Nxd3 Rxd3 27. Rxd3
Qxd3 28. Rxc5 Re8 29. Rc2 Qxe3 30. Qxe3 Rxe3 31. Rc8+ Bf8 32. Ra8 Re2+ 33. Kg1
Rxb2 34. Rxa6 Bc5+ 35. Kh1 h5 36. Rc6 Bb6 37. Rc8+ Kg7 38. Rb8 Bd4 39. Rd8 Bf2
40. Kg2 0-1

[Event "SR 2. liga A 2006/2007"]
[Site "?"]
[Date "2007.02.03"]
[Round "8.1"]
[White "Frindt, Kornel"]
[Black "Petrik, Karol"]
[Result "1-0"]
[WhiteElo "2216"]
[BlackElo "2136"]
[PlyCount "129"]
[EventDate "2006.??.??"]

1. e4 c6 2. d4 g6 3. c4 Bg7 4. Nc3 Qb6 5. Nf3 d6 6. h3 Nd7 7. Be2 Qc7 8. O-O
Ngf6 9. Be3 O-O 10. Qd2 Re8 11. b4 a5 12. a3 e5 13. d5 Nh5 14. g3 f5 15. Bh6
Bxh6 16. Qxh6 fxe4 17. Nxe4 Ndf6 18. Nfg5 cxd5 19. cxd5 Bf5 20. Rfc1 Qe7 21.
Nc3 Rec8 22. Nb5 axb4 23. axb4 Rxa1 24. Rxa1 Bd7 25. Na7 Rc2 26. Bd1 Rc3 27.
Be2 e4 28. Nb5 Rc8 29. Re1 Bxb5 30. Bxb5 Qe5 31. Be2 Nxg3 32. Bg4 Nf5 33. Bxf5
Qxf5 34. Rxe4 Rc1+ 35. Kg2 Qxd5 36. Kh2 Qf5 37. Re2 Rc2 38. Ne6 Nh5 39. Rxc2
Qe5+ 40. Kg2 Qxe6 41. Qe3 Qf5 42. Rc7 Nf4+ 43. Kh2 Ne6 44. Rxb7 g5 45. Re7 Nf4
46. Re8+ Kg7 47. Qe7+ Kg6 48. Qxd6+ Kh5 49. Qd1+ Kh6 50. Qg4 Qc2 51. Qg3 Qf5
52. Re7 Nh5 53. Qe3 Nf4 54. Re5 Qf7 55. b5 Qc7 56. h4 Ng6 57. hxg5+ Kg7 58. f4
Qc2+ 59. Qe2 Qc1 60. Rf5 Qb1 61. Rf6 Qb4 62. Qd3 Qb2+ 63. Kg3 Qc1 64. Qd7+ Kg8
65. Qe8+ 1-0

[Event "SR 2. liga A 2006/2007"]
[Site "?"]
[Date "????.??.??"]
[Round "8.1"]
[White "Lesny, Stefan"]
[Black "Pacher, Milan"]
[Result "0-1"]
[WhiteElo "2103"]
[BlackElo "2262"]
[PlyCount "110"]
[EventDate "2006.??.??"]

1. e4 c5 2. f4 d5 3. e5 Nc6 4. Nf3 Bg4 5. c3 e6 6. d3 Nge7 7. Na3 Nf5 8. Be2
Be7 9. Nc2 d4 10. O-O h5 11. Nd2 dxc3 12. bxc3 Qd5 13. Nc4 Rd8 14. Nb2 c4 15.
d4 Bxe2 16. Qxe2 b5 17. a3 Na5 18. Qf3 Qxf3 19. Rxf3 Nb3 20. Rb1 Kd7 21. Nd1
Kc6 22. Nde3 Nxe3 23. Bxe3 g6 24. Kf1 Rb8 25. Ke2 Kd5 26. Bc1 Rb6 27. Bb2 a5
28. Ne3+ Kc6 29. Rd1 Rd8 30. Rf2 Rb7 31. Kf3 Rbd7 32. Rh1 Re8 33. g3 b4 34.
axb4 axb4 35. Nc2 Kb5 36. Ke3 Ra7 37. Rb1 Ra2 38. Re2 Rea8 39. Ke4 R8a4 40. h3
Kc6 41. g4 Na5 42. cxb4 Bxb4 43. Bc1 Bc3 44. Be3 Nb3 45. Rd1 Na1 46. Rc1 Rb2
47. Kf3 Nb3 48. Nb4+ Rxb4 49. Rxc3 Rxe2 50. Kxe2 Kd5 51. Kf2 hxg4 52. hxg4 Nxd4
53. Ra3 Rb2+ 54. Kg3 Rb3 55. Ra5+ Ke4 0-1

[Event "SR 2. liga A 2006/2007"]
[Site "?"]
[Date "2007.02.03"]
[Round "8.2"]
[White "Bronis, Marian"]
[Black "Gazi, Mikulas"]
[Result "1/2-1/2"]
[WhiteElo "2155"]
[BlackElo "2202"]
[PlyCount "57"]
[EventDate "2006.??.??"]

1. d4 Nf6 2. c4 g6 3. Nc3 d5 4. Nf3 Bg7 5. Qa4+ c6 6. cxd5 Nxd5 7. e4 Nxc3 8.
bxc3 O-O 9. Be2 c5 10. O-O Nd7 11. Bg5 h6 12. Bh4 cxd4 13. cxd4 Nf6 14. Bxf6
Bxf6 15. Rad1 a6 16. e5 Bg7 17. d5 b5 18. Bxb5 Bg4 19. Qxg4 axb5 20. Rd2 Ra4
21. Qg3 Qa5 22. d6 exd6 23. e6 fxe6 24. Rxd6 Rf6 25. Ne5 Kh7 26. Nd7 Rf5 27.
Rxe6 Rg5 28. Qf3 Qa8 29. Nf6+ 1/2-1/2

[Event "SR 2. liga A 2006/2007"]
[Site "?"]
[Date "????.??.??"]
[Round "8.2"]
[White "Ruckschloss, Karol"]
[Black "Farkas, Gabor"]
[Result "1/2-1/2"]
[WhiteElo "2331"]
[BlackElo "2240"]
[PlyCount "97"]
[EventDate "2006.??.??"]

1. c4 Nf6 2. d4 g6 3. Nc3 d5 4. cxd5 Nxd5 5. e4 Nxc3 6. bxc3 Bg7 7. Bc4 c5 8.
Ne2 O-O 9. O-O Nc6 10. Be3 Bg4 11. f3 cxd4 12. cxd4 Na5 13. Bd5 Bc8 14. a4 e6
15. Ba2 b6 16. Rc1 Bb7 17. Nc3 Rc8 18. Qd3 Nc6 19. Rfd1 Nb4 20. Qb1 Nxa2 21.
Qxa2 Ba6 22. e5 Bc4 23. Qa3 Bd5 24. Nb5 Qd7 25. Nd6 Rxc1 26. Rxc1 f6 27. f4 g5
28. Nb5 gxf4 29. Bxf4 Bc6 30. Qd6 fxe5 31. Rxc6 Qxd6 32. Rxd6 Rxf4 33. g3 Rf7
34. dxe5 Re7 35. Rd8+ Kf7 36. Ra8 Bxe5 37. Nxa7 Bd4+ 38. Kg2 Rc7 39. Nb5 Rc2+
40. Kf3 Bc5 41. h4 Kf6 42. g4 Ke5 43. g5 Rf2+ 44. Kg3 Rf4 45. a5 bxa5 46. Rxa5
Bb4 47. Ra6 Re4 48. Nc7 Kf5 49. Rxe6 1/2-1/2

[Event "SR 2. liga A 2006/2007"]
[Site "?"]
[Date "2007.02.03"]
[Round "8.3"]
[White "Krajnak, Robert"]
[Black "Kebis, Milos"]
[Result "1-0"]
[WhiteElo "2116"]
[BlackElo "2053"]
[PlyCount "57"]
[EventDate "2006.??.??"]

1. c4 Nf6 2. Nc3 c5 3. Nf3 g6 4. d4 cxd4 5. Nxd4 Bg7 6. e4 d6 7. Be2 O-O 8. Be3
Nbd7 9. O-O Ne5 10. f3 Bd7 11. Rc1 Rc8 12. b3 a6 13. Qd2 Nc6 14. Nc2 Be6 15.
Rfd1 Qa5 16. Ne1 h5 17. Bf1 Nd7 18. g3 Nc5 19. Ng2 Ne5 20. Be2 Nc6 21. Nd5 Qd8
22. Ngf4 b5 23. b4 Na4 24. c5 Nb2 25. cxd6 exd6 26. Bb6 Qd7 27. Rf1 Nc4 28.
Bxc4 bxc4 29. Be3 {Dalej su obidva partiare necitatelne, hralo sa do 48. tahu}
1-0

[Event "SR 2. liga A 2006/2007"]
[Site "?"]
[Date "????.??.??"]
[Round "8.3"]
[White "Petenyi, Tamas"]
[Black "Hacik, Radomir"]
[Result "1-0"]
[WhiteElo "2125"]
[BlackElo "2185"]
[PlyCount "117"]
[EventDate "2006.??.??"]

1. e4 c6 2. d4 d5 3. exd5 cxd5 4. Bd3 g6 5. h3 Bg7 6. Nf3 Nc6 7. c3 Nf6 8. Nbd2
O-O 9. O-O Qc7 10. Re1 Re8 11. Bc2 e5 12. dxe5 Nxe5 13. Nxe5 Rxe5 14. Rxe5 Qxe5
15. Nf3 Qh5 16. Be3 Be6 17. Bd4 b6 18. Ne5 Qg5 19. Qc1 Qxc1+ 20. Rxc1 Rc8 21.
Rd1 Nh5 22. Nf3 Nf4 23. Bxg7 Kxg7 24. Kf1 Kf6 25. Bb3 g5 26. h4 h6 27. g3 Bg4
28. hxg5+ hxg5 29. gxf4 Bxf3 30. fxg5+ Kxg5 31. Rd3 Be4 32. Rd4 Rh8 33. Bxd5
Rh1+ 34. Ke2 Bxd5 35. Rxd5+ Kf6 36. Rd1 Rh5 37. Rd7 Ra5 38. a3 Ke6 39. Rc7 Rb5
40. b4 a5 41. c4 Re5+ 42. Kd3 axb4 43. axb4 b5 44. c5 Rd5+ 45. Kc3 Rf5 46. Rb7
Rf3+ 47. Kd2 Rxf2+ 48. Ke3 Rb2 49. Rxb5 Kd5 50. Rb6 Rc2 51. Kd3 Rh2 52. Rd6+
Ke5 53. b5 f5 54. b6 Rb2 55. Rd8 Rb3+ 56. Kc4 Rb1 57. Re8+ Kf4 58. Kd5 Kg3 59.
Kc6 1-0

[Event "SR 2. liga A 2006/2007"]
[Site "?"]
[Date "????.??.??"]
[Round "8.4"]
[White "Fraas, Martin"]
[Black "Bebiak, Jozef"]
[Result "1/2-1/2"]
[WhiteElo "2181"]
[BlackElo "2145"]
[PlyCount "105"]
[EventDate "2006.??.??"]

1. e4 c5 2. c3 d5 3. exd5 Qxd5 4. d4 Nc6 5. Nf3 e6 6. Be3 Nf6 7. Bd3 cxd4 8.
cxd4 Bb4+ 9. Nc3 e5 10. dxe5 Nxe5 11. Nxe5 Bxc3+ 12. bxc3 Qxe5 13. O-O Ng4 14.
Qa4+ Bd7 15. Qf4 O-O 16. Rad1 Qxf4 17. Bxf4 Bc6 18. h3 Nf6 19. Be5 Nd5 20. Bc4
Rad8 21. Bb3 Rfe8 22. Rfe1 Rd7 23. Bd4 Rdd8 24. Bxa7 Nxc3 25. Rxd8 Rxd8 26. Bb6
Re8 27. Rxe8+ Bxe8 28. Kf1 Bc6 29. Bd4 Nd5 30. g3 Kf8 31. Ke2 g6 32. Bc5+ Ke8
33. Kd3 Nf6 34. Be3 Nd7 35. Bd4 Ke7 36. Ke3 f6 37. h4 h6 38. Bc3 Ne5 39. Bb4+
Kd7 40. Bc5 g5 41. Bd1 f5 42. Bh5 Ng4+ 43. Ke2 Ke6 44. f3 Nf6 45. Bg6 Nd7 46.
Be3 Bxf3+ 47. Kxf3 Ne5+ 48. Ke2 Nxg6 49. hxg5 hxg5 50. Bxg5 Ke5 51. Kd3 Kd5 52.
Bd8 f4 53. gxf4 1/2-1/2